Arte gráfico y letras

Gespeichert in:
Bibliographische Detailangaben
Format: Buch
Sprache:Spanisch
Veröffentlicht: Santiago s.n 1981
Schlagworte:
Tags: Tag hinzufügen
Keine Tags, Fügen Sie den ersten Tag hinzu!

MARC

LEADER 00000nam a2200000 a 4500
001 UCV8625
003 CL-VaPUC
008 911030e19810000CL |||||||||||||||||spa|d
082 0 4 |a 686.22  |b ART  |2 21 
245 1 0 |a Arte gráfico y letras 
300 |a 110 p 
942 |c BK 
945 |d 19911030 00:00:00 
260 |a Santiago  |b s.n  |c 1981 
650 0 |a Diseño gráfico  |9 266874 
650 0 |a Impresión   |x Artes gráficas   |9 265402 
650 7 |a COMPOSICION TIPOGRAFICA  |2 CL-VaPUC  |9 266378 
583 |a last modification  |c 20120522 09:08:54  |k Rodrigo Vera 
999 |c 214113  |d 214111 
952 |0 0  |1 0  |4 0  |6 686_220000000000000_ART_1981  |7 0  |8 A  |9 197191  |a BIBARQ  |b BIBARQ  |d 2019-11-14  |i 2648946  |o 686.22 ART 1981  |p 2648946  |r 2025-01-20  |w 2019-11-14  |y BK  |k ARQ 
952 |0 0  |1 0  |4 0  |6 686_220000000000000_ART_1981  |7 0  |8 A  |9 197192  |a BIBARQ  |b BIBARQ  |d 2019-11-14  |i 2648954  |o 686.22 ART 1981  |p 2648954  |r 2025-01-20  |w 2019-11-14  |y BK  |k ARQ 
952 |0 0  |1 0  |4 0  |6 686_220000000000000_ART_1981  |7 0  |8 A  |9 197193  |a BIBARQ  |b BIBARQ  |d 2019-11-14  |i 2648962  |o 686.22 ART 1981  |p 2648962  |r 2025-01-20  |w 2019-11-14  |y BK  |k ARQ 
952 |0 0  |1 0  |4 0  |6 686_220000000000000_ART_1981  |7 0  |8 A  |9 197194  |a BIBARQ  |b BIBARQ  |d 2019-11-14  |i 2648970  |o 686.22 ART 1981  |p 2648970  |r 2025-01-20  |w 2019-11-14  |y BK  |k ARQ